[Event "Isla de la Juventud-ch"]
[Site "Nueva Gerona"]
[Date "2009.10.30"]
[Round "11"]
[White "Bezanilla Sanchez, Alexis"]
[Black "Martinez Avila, Yaima"]
[Result "1-0"]
[WhiteElo "2301"]
[BlackElo "2029"]
[PlyCount "59"]
[EventDate "2009.10.25"]
[EventType "tourn"]
[EventRounds "18"]
[EventCountry "CUB"]
[SourceTitle "EXT 2019"]
[Source "ChessBase"]
[SourceDate "2018.10.10"]
[SourceVersion "1"]
[SourceVersionDate "2018.10.10"]
[SourceQuality "1"]

1. e4 e6 2. Nc3 c5 3. Nf3 a6 4. Be2 b5 5. 0-0 Bb7 6. a3 b4 7. Na4 Bxe4 8. d3 Bxf3 9. Bxf3 d5 10. axb4 cxb4 11. c4 bxc3 12. bxc3 Bd6 13. c4 Ne7 14. cxd5 exd5 15. Nc3 Nbc6 16. Nxd5 Nxd5 17. Qa4 Qd7 18. Bxd5 Bxh2+ 19. Kxh2 Qxd5 20. Re1+ Kd8 21. Bb2 f6 22. Rac1 Qd6+ 23. Kg1 Nb4 24. Qa5+ Kd7 25. Qf5+ Kd8 26. Re6 Qh2+ 27. Kxh2 a5 28. Bxf6+ gxf6 29. Qxf6+ Kd7 30. Qe7# 1-0

[Event "Isla de la Juventud-ch"]
[Site "Nueva Gerona"]
[Date "2009.10.26"]
[Round "3"]
[White "Gonzalez Vega, Alejandro"]
[Black "Martinez Avila, Yaima"]
[Result "1-0"]
[WhiteElo "2283"]
[BlackElo "2029"]
[PlyCount "77"]
[EventDate "2009.10.25"]
[EventType "tourn"]
[EventRounds "18"]
[EventCountry "CUB"]
[SourceTitle "EXT 2019"]
[Source "ChessBase"]
[SourceDate "2018.10.10"]
[SourceVersion "1"]
[SourceVersionDate "2018.10.10"]
[SourceQuality "1"]

1. d4 Nc6 2. Nf3 d5 3. c4 Bg4 4. cxd5 Bxf3 5. gxf3 Qxd5 6. e3 Nf6 7. Nc3 Qh5 8. Bb5 e6 9. Bd2 Be7 10. f4 Qh3 11. Qa4 0-0 12. Bxc6 bxc6 13. Qxc6 Rab8 14. b3 Ng4 15. Ke2 Bh4 16. Qf3 Qxf3+ 17. Kxf3 f5 18. Rac1 Nf6 19. Na4 Nd5 20. Nc5 Rbe8 21. Nd7 Rf7 22. Ne5 Rf6 23. Rc6 Rh6 24. Ra6 Bf6 25. Rxa7 Bxe5 26. fxe5 Kf7 27. h3 Rh5 28. a4 g5 29. b4 Rg8 30. Kg3 g4 31. h4 Rb8 32. b5 Ke8 33. Rc1 Kd7 34. Ba5 Rc8 35. Bxc7 Nxc7 36. b6 Kd8 37. Rcxc7 Rxc7 38. Rxc7 f4+ 39. Kxg4 1-0

[Event "Nueva Gerona 15 May Cup"]
[Site "Nueva Gerona"]
[Date "2009.05.21"]
[Round "14"]
[White "Martinez Avila, Yaima"]
[Black "Gonzalez Vega, Alejandro"]
[Result "0-1"]
[WhiteElo "2143"]
[BlackElo "2219"]
[PlyCount "130"]
[EventDate "2009.05.13"]
[EventType "tourn"]
[EventRounds "22"]
[EventCountry "CUB"]
[SourceTitle "EXT 2020"]
[Source "ChessBase"]
[SourceDate "2019.10.17"]
[SourceVersion "1"]
[SourceVersionDate "2019.10.17"]
[SourceQuality "1"]

1. e4 c5 2. Nf3 d6 3. d4 cxd4 4. Nxd4 Nf6 5. Nc3 a6 6. Be3 Ng4 7. Bg5 h6 8. Bh4 g5 9. Bg3 Bg7 10. Be2 h5 11. Bxg4 hxg4 12. 0-0 Nc6 13. Nf5 Bxc3 14. bxc3 Qa5 15. Qxg4 f6 16. Qf3 Ne5 17. Bxe5 Qxe5 18. h3 Qf4 19. Qxf4 gxf4 20. Nd4 e5 21. Nf3 Be6 22. Rfb1 Rg8 23. Kh2 0-0-0 24. Rb6 f5 25. exf5 Bxf5 26. Ne1 Kc7 27. Rab1 Be4 28. c4 Bc6 29. R6b2 Rd7 30. c3 Rh7 31. Rd2 e4 32. Rbb2 Bd7 33. Re2 f3 34. Re3 Rgh8 35. Nxf3 exf3 36. Rxf3 Rh4 37. c5 dxc5 38. Rf7 Rc4 39. Rd2 Rd8 40. Rf3 Bb5 41. Rxd8 Kxd8 42. Kg3 Ra4 43. h4 Bd7 44. Rf4 Rxa2 45. h5 Re2 46. h6 Re8 47. h7 Rh8 48. Rf7 a5 49. Rg7 Kc7 50. c4 a4 51. Kf4 a3 52. Rg3 a2 53. Ra3 Be6 54. Rxa2 Bxc4 55. Ra4 Bd3 56. Ra5 b5 57. f3 Kc6 58. Ra3 Bxh7 59. g3 b4 60. Ra6+ Kb5 61. Ra7 Rf8+ 62. Ke3 Bc2 63. Rb7+ Kc6 64. Re7 b3 65. Kd2 Rxf3 0-1

[Event "Nueva Gerona 15 May Cup"]
[Site "Nueva Gerona"]
[Date "2009.05.18"]
[Round "9"]
[White "Ragolta Franco, Eduardo"]
[Black "Martinez Avila, Yaima"]
[Result "1/2-1/2"]
[WhiteElo "2213"]
[BlackElo "2143"]
[PlyCount "129"]
[EventDate "2009.05.13"]
[EventType "tourn"]
[EventRounds "22"]
[EventCountry "CUB"]
[SourceTitle "EXT 2020"]
[Source "ChessBase"]
[SourceDate "2019.10.17"]
[SourceVersion "1"]
[SourceVersionDate "2019.10.17"]
[SourceQuality "1"]

1. d4 d5 2. Nf3 Nf6 3. c4 e6 4. g3 dxc4 5. Bg2 Be7 6. Nc3 0-0 7. 0-0 Nbd7 8. e4 c6 9. Bf4 Re8 10. a4 a5 11. Qe2 Qb6 12. Qxc4 Qb4 13. Qe2 Ng4 14. Rfd1 Nb6 15. Qc2 Nd7 16. h3 Ngf6 17. Be3 h6 18. Na2 Qb6 19. d5 Bc5 20. dxe6 Rxe6 21. Nd4 Rd6 22. Qc3 Nf8 23. Rd3 Ne6 24. Nxe6 Bxe3 25. Rxd6 Bxf2+ 26. Kh2 Bxe6 27. Rd3 Rd8 28. Rxd8+ Qxd8 29. Qf3 Bd4 30. Nc3 Qd6 31. Rc1 Qb4 32. Rd1 Nd7 33. Qd3 Bf6 34. Qe2 Ne5 35. Rb1 Nc4 36. Qc2 h5 37. Bf1 h4 38. Bxc4 hxg3+ 39. Kxg3 Qxc4 40. Kg2 Qc5 41. Qd3 Qb4 42. Kh1 Qb3 43. Kg2 b6 44. Qd1 Qb4 45. Qd3 g6 46. Qc2 Kg7 47. Qd2 Be5 48. Rf1 f6 49. Rf3 f5 50. exf5 Bd5 51. Qe3 Bxf3+ 52. Kxf3 Bxc3 53. bxc3 Qh4 54. Qe5+ Qf6 55. Qxf6+ Kxf6 56. fxg6 b5 57. Ke4 Kxg6 58. axb5 cxb5 59. Kd3 a4 60. Kc2 Kg5 61. Kc1 Kh4 62. Kb2 Kg3 63. Ka3 Kh4 64. Kb4 Kg3 65. h4 1/2-1/2

[Event "Nueva Gerona 15 May Cup"]
[Site "Nueva Gerona"]
[Date "2009.05.17"]
[Round "8"]
[White "Duarte Napoles, Fanny"]
[Black "Martinez Avila, Yaima"]
[Result "1-0"]
[WhiteElo "2267"]
[BlackElo "2143"]
[PlyCount "131"]
[EventDate "2009.05.13"]
[EventType "tourn"]
[EventRounds "22"]
[EventCountry "CUB"]
[SourceTitle "EXT 2020"]
[Source "ChessBase"]
[SourceDate "2019.10.17"]
[SourceVersion "1"]
[SourceVersionDate "2019.10.17"]
[SourceQuality "1"]

1. c4 g6 2. d4 Bg7 3. e4 d6 4. Nc3 Nf6 5. Nf3 0-0 6. Be2 Nbd7 7. 0-0 c6 8. Re1 a6 9. Bg5 c5 10. Qd2 cxd4 11. Nxd4 Re8 12. Rad1 Nc5 13. f3 Qa5 14. Be3 Bd7 15. b3 Rac8 16. Bf1 Red8 17. g3 Ra8 18. Nc2 Qc7 19. Bh6 b6 20. Bxg7 Kxg7 21. Ne3 Be6 22. Ned5 Bxd5 23. exd5 Re8 24. Re3 Ncd7 25. Rde1 Ne5 26. h3 Qc5 27. Kh1 Kf8 28. f4 Ned7 29. Bg2 b5 30. cxb5 axb5 31. Rc1 Rec8 32. Ne2 Qa3 33. Rc6 Rcb8 34. Nc1 Qa5 35. b4 Qa7 36. Re2 Nb6 37. Nb3 Nc4 38. Qc3 Rb6 39. Nd4 Qb7 40. Qc1 h6 41. f5 g5 42. Qe1 Ne5 43. Rcc2 Rba6 44. Nc6 Nxc6 45. dxc6 Qc7 46. h4 Ra3 47. hxg5 hxg5 48. Qf2 Ng4 49. Qe1 Kg7 50. Bd5 Rh8+ 51. Kg2 Rh2+ 52. Kf1 Rxe2 53. Rxe2 Ne5 54. Kg2 Rd3 55. Rd2 Ra3 56. Rc2 Ra4 57. a3 Ra6 58. Qe3 Kf6 59. Rc1 Ra8 60. Rh1 Rg8 61. Rh7 Qc8 62. Rh6+ Kg7 63. Qxg5+ Kf8 64. Qh5 e6 65. fxe6 Qc7 66. exf7 1-0